000 00461pab a2200157 454500
008 180718b2003 xxu||||| |||| 00| 0 eng d
100 _aKettl, Donald F.
245 _aContingent coordination: practical and theoretical puzzles for homeland security
260 _c2003
300 _ap.253-77.
362 _aSep
650 _aState security - United States
650 _aState security
773 _aAmerican Review of Public Administration
909 _a58181
999 _c58181
_d58181